[Event "Sochi ChessAmateur op"]
[Site "Sochi"]
[Date "2018.04.02"]
[Round "3"]
[White "Esipenko, Aleksandr"]
[Black "Sotnikov, Sergey"]
[Result "0-1"]
[WhiteElo "1939"]
[BlackElo "2225"]
[PlyCount "86"]
[EventDate "2018.04.01"]
[EventType "swiss"]
[EventRounds "9"]
[EventCountry "RUS"]
[SourceTitle "CBM 184 Extra"]
[Source "ChessBase"]
[SourceDate "2018.06.28"]
[SourceVersion "1"]
[SourceVersionDate "2018.06.28"]
[SourceQuality "1"]

1. e4 c6 2. d4 d5 3. Nc3 dxe4 4. Nxe4 Bf5 5. Nc5 b6 6. Nb3 e6 7. Nf3 Nf6 8. g3 Bd6 9. Bg2 Qc7 10. 0-0 Nbd7 11. Qe2 0-0 12. Re1 Rac8 13. c4 h6 14. Bd2 Rfe8 15. Bc3 Ne4 16. Rac1 Nxc3 17. Rxc3 Bb4 18. Re3 Bxe1 19. Qxe1 c5 20. d5 Nf6 21. Nh4 Qd7 22. Nd2 exd5 23. cxd5 Rxe3 24. fxe3 Re8 25. Qf1 Bh7 26. Qc4 Rxe3 27. Nf1 Re8 28. h3 Be4 29. Ne3 Bxg2 30. Nhxg2 Qxh3 31. Nf1 Qf5 32. Nge3 Qe4 33. Qb3 Re5 34. d6 Qd4 35. Qc3 Qxc3 36. bxc3 Re8 37. Nc4 Rd8 38. Nfe3 b5 39. Na3 a6 40. Nf5 g6 41. Ne3 Rxd6 42. Nb1 Ne4 43. Kg2 Rd3 0-1

[Event "Voronezh op-B 17th"]
[Site "Voronezh"]
[Date "2013.06.17"]
[Round "7"]
[White "Sotnikov, Sergey"]
[Black "Pokhlebin, Sergej"]
[Result "1-0"]
[WhiteElo "2218"]
[BlackElo "1984"]
[PlyCount "81"]
[EventDate "2013.06.12"]
[EventType "swiss"]
[EventRounds "9"]
[EventCountry "RUS"]
[SourceTitle "EXT 2014"]
[Source "ChessBase"]
[SourceDate "2013.11.20"]
[SourceVersion "1"]
[SourceVersionDate "2013.11.20"]
[SourceQuality "1"]

1. e4 e5 2. Nc3 Nc6 3. Bc4 Nf6 4. f4 Nxe4 5. Bxf7+ Kxf7 6. Nxe4 d5 7. Ng5+ Kg8 8. d3 h6 9. N5f3 Bc5 10. fxe5 Kh7 11. Bf4 g5 12. d4 Rf8 13. Be3 Be7 14. h3 Bf5 15. a3 Be4 16. Qd2 a5 17. Nh2 a4 18. Ngf3 Na5 19. 0-0 Nc4 20. Qc3 Qd7 21. Nd2 Nxe3 22. Qxe3 Bxc2 23. Rac1 Bf5 24. Rf3 Rf7 25. g4 Be6 26. Rxf7+ Bxf7 27. Nhf1 Bg6 28. Ng3 Rf8 29. Rf1 Rxf1+ 30. Ngxf1 c5 31. e6 Qc7 32. Qc3 Qf4 33. dxc5 Bf6 34. Qc1 Bd4+ 35. Kg2 Be4+ 36. Nxe4 dxe4 37. e7 Qe5 38. Ng3 e3 39. Qb1+ Kh8 40. Qd3 Qd5+ 41. Qe4 1-0

[Event "Voronezh op-B 17th"]
[Site "Voronezh"]
[Date "2013.06.17"]
[Round "6"]
[White "Sotnikov, Sergey"]
[Black "Popov, Kirill"]
[Result "0-1"]
[WhiteElo "2218"]
[BlackElo "2104"]
[PlyCount "73"]
[EventDate "2013.06.12"]
[EventType "swiss"]
[EventRounds "9"]
[EventCountry "RUS"]
[SourceTitle "EXT 2014"]
[Source "ChessBase"]
[SourceDate "2013.11.20"]
[SourceVersion "1"]
[SourceVersionDate "2013.11.20"]
[SourceQuality "1"]

1. d4 Nf6 2. c4 g6 3. Nc3 Bg7 4. Nf3 0-0 5. g3 d6 6. Bg2 Nc6 7. d5 Na5 8. Qd3 c5 9. e4 a6 10. Nd2 Bd7 11. Rb1 b5 12. b4 cxb4 13. Rxb4 Nxc4 14. Nxc4 bxc4 15. Rxc4 Ng4 16. Qc2 Qa5 17. Bd2 Rac8 18. Ne2 Qb5 19. Rxc8 Rxc8 20. Qb3 Ne5 21. Nc1 Nc4 22. Bf1 Nxd2 23. Qxb5 Nf3+ 24. Kd1 Bxb5 25. Bxb5 axb5 26. Ke2 Nd4+ 27. Kd3 Ra8 28. f4 Ra3+ 29. Kd2 b4 30. Kd1 b3 31. axb3 Nxb3 32. Nxb3 Rxb3 33. Ke2 Rb2+ 34. Kd3 h5 35. Re1 Rxh2 36. e5 Rh3 37. exd6 0-1

[Event "Voronezh op-B 17th"]
[Site "Voronezh"]
[Date "2013.06.14"]
[Round "3"]
[White "Sotnikov, Sergey"]
[Black "Kochukova, Anna"]
[Result "1-0"]
[WhiteElo "2218"]
[BlackElo "1928"]
[PlyCount "81"]
[EventDate "2013.06.12"]
[EventType "swiss"]
[EventRounds "9"]
[EventCountry "RUS"]
[SourceTitle "EXT 2014"]
[Source "ChessBase"]
[SourceDate "2013.11.20"]
[SourceVersion "1"]
[SourceVersionDate "2013.11.20"]
[SourceQuality "1"]

1. e4 c5 2. Nf3 a6 3. a4 e6 4. d4 cxd4 5. Nxd4 Nf6 6. Bd3 e5 7. Nb3 d5 8. exd5 Qxd5 9. 0-0 Nc6 10. Nc3 Qd8 11. f4 Be6 12. Be3 Ng4 13. Qe2 Bd6 14. f5 Nxe3 15. fxe6 Nxf1 16. exf7+ Kf8 17. Rxf1 Rc8 18. Qg4 h5 19. Qf5 Rh6 20. Ne4 Ne7 21. Qh3 Bb8 22. Ng5 Rcc6 23. Nh7+ Rxh7 24. Bxh7 g6 25. Qh4 Qb6+ 26. Kh1 Nf5 27. Qg5 Rf6 28. Rd1 Kxf7 29. Bxg6+ Rxg6 30. Qxf5+ Kg7 31. Qxh5 Qc6 32. Qe2 Qxa4 33. Nc5 Qh4 34. Rd7+ Kg8 35. Rxb7 Bd6 36. Ne4 Qf4 37. g3 Qc1+ 38. Kg2 Bf8 39. h4 Qh6 40. Ng5 Rc6 41. Qe4 1-0